00757cam a2200229 i 450000100060000000300090000600500170001500800390003201500150007104000350008608000100012110000340013124500480016525000170021326000550023030000330028538000160031850400320033465000220036671000410038885600980042910173KOSZ 00520190827105457.0070925s1968 pl a f 001 0 pol aPB 1969/70 aWA NcKOSZ 005/RWdKOSZ 005/RW a621.31 aKobosko, Edwardd(1906-1984).10aInżynieria elektryczna /cEdward Kobosko. aWyd. 2 uzup. aWarszawa :bWydawnictwa Naukowo-Techniczne,c1968. a466, [1] s. :bil. ;c25 cm. aKsiążki aBibliogr. s. [459]. Indeks. 4aElektroenergetyka2 aWydawnictwa Naukowo-Techniczne4pbl. uhttp://koha.tu.koszalin.pl/cgi-bin/koha/opac-detail.pl?biblionumber=10173yKatalog online BPK